History Quiz

Random History or Politics Quiz

Longest-Serving 20th Century Rulers Quiz Stats

 Plays Quiz Updated Jun 20, 2018

Score 0/29 Timer 05:00
0 Plays Today
Leader Country % Correct
Fidel CastroCuba
99.6%
Kim Il-SungNorth Korea
98.3%
Muammar GaddafiLibya
90%
Mao ZedongChina
86.2%
Francisco FrancoSpain
85.4%
Joseph StalinUSSR
85.4%
Robert MugabeZimbabwe
64.2%
Josip Broz TitoYugoslavia
63.2%
Phạm Văn ĐồngNorth Vietnam/Vietnam
56.3%
SuhartoIndonesia
46.5%
Enver HoxhaAlbania
38.5%
António de Oliveira SalazarPortugal
38.1%
János KádárHungary
26.7%
Todor ZhivkovBulgaria
26.2%
Lee Kuan YewSingapore
25.4%
Leader Country % Correct
Yumjaagiin TsedenbalMongolia
23.1%
Mobutu Sese SekoDem Rep of the Congo/Zaire
23%
Ali Abdullah SalehYemen
20.9%
Alfredo StroessnerParaguay
19.9%
José Eduardo dos SantosAngola
15%
Habib BourguibaTunisia
13.5%
Omar BongoGabon
11.8%
Paul BiyaCameroon
10.8%
Teodoro Obiang Nguema MbasogoEquatorial Guinea
10.4%
Félix Houphouët-BoignyCôte d'Ivoire
8.9%
Hastings Kamuzu BandaMalawi
7.8%
Gnassingbé EyadémaTogo
6.6%
Maumoon Abdul GayoomMaldives
4.2%
Dawda Kairaba JawaraThe Gambia
3.4%

You're not logged in!

Compare scores with friends on all Sporcle quizzes.
OR
Log In

Show Comments

Extras

Top Quizzes Today


Score Distribution

Your Account Isn't Verified!

In order to create a playlist on Sporcle, you need to verify the email address you used during registration. Go to your Sporcle Settings to finish the process.

Report this User

Report this user for behavior that violates our Community Guidelines.

Details: